Droit et Responsabilité Face aux Enjeux Complexes de la Déclaration d'Alma Ata (1978) : Une Étude du Droit International de la Santé en R.D.C

Salvato in:
Dettagli Bibliografici
Autore principale: BISIMWA, Kabasha Pontien
Natura: Libro
Lingua:francese
Pubblicazione: Roma : Pontificia Università Lateranense (PUL), 2012
Serie:Pontificia Universitas Lateranensis
Tags: Aggiungi Tag
Nessun Tag, puoi essere il primo ad aggiungerne!!

MARC

LEADER 00000nam a2200000Ia 4500
001 000036453
003 BR-CrsFAEV
008 151004s2012 xx 000 0 fre d
040 |c BR-CrsFAEV  |b por  |a BR-CrsFAEV 
041 |a fre 
080 0 |2 1997  |a T 348  |b B532D 
100 1 |a BISIMWA, Kabasha Pontien 
245 1 0 |a Droit et Responsabilité Face aux Enjeux Complexes de la Déclaration d'Alma Ata (1978) :  |b Une Étude du Droit International de la Santé en R.D.C 
260 |a Roma :  |b Pontificia Università Lateranense (PUL),  |c 2012 
300 |a 139 ;  |c 25 cm. 
490 1 |a Pontificia Universitas Lateranensis 
500 |a excerptum ex theseos ad doctoratum in utroque iure 
546 |a Texto em francês. 
942 |c BK 
952 |0 0  |1 0  |2 udc  |4 0  |6 T_348_B532D  |7 0  |9 905  |a SBT  |b SBT  |c DEP  |d 2015-10-04  |l 0  |o T 348 B532D  |p 31096  |r 2018-08-03 00:00:00  |t 1  |w 2015-10-04  |y BK 
999 |c 673  |d 673  |x 1